| 000 | 00938nam a2200277 a 4500 | ||
|---|---|---|---|
| 001 | 67035 | ||
| 003 | BD-RjUL | ||
| 005 | 20211209081617.0 | ||
| 008 | 170322s1958 it ab b i001 0 eng d | ||
| 035 | _a(BD-RjUL)67166 | ||
| 035 | _a(OCoLC)1652806 | ||
| 040 |
_aDLC _cFM _dOCoLC _dDLC _dBD-RjUL _beng |
||
| 041 | _aeng | ||
| 082 |
_a631.81 _223 _bEFF 1958 |
||
| 245 | 0 | 0 |
_aEfficient use of fertilizers / _cedited by Vladimir Ignatieff and Harold James Page. |
| 250 | _aRev. and enl. ed., | ||
| 260 |
_aRome : _bFood and Agriculture Organization of the United Nations, _c1958. |
||
| 300 |
_axxi, 355 p. : _bill. ; _c23 cm. |
||
| 490 | 1 |
_aFAO agricultural studies, _vno. 43 |
|
| 504 | _aBibliography: p. 297-333. | ||
| 650 | 0 |
_aFertilizers. _9115004 |
|
| 700 | 1 |
_aIgnatieff, Vladimir. ed. _9201614 |
|
| 700 | 1 |
_aPage, Harold James, _d1890- _ejoint ed. _9201615 |
|
| 830 | 0 |
_aFAO agricultural studies ; _vno. 43. _9201616 |
|
| 942 |
_2ddc _cBK |
||
| 999 |
_c67035 _d67035 |
||